000 00799nam a22002177a 4500
005 20100313142719.0
008 100313t xxu||||| |||| 00| 0 eng d
010 _aENG-95881
020 _a9788184551327
_c750.00
035 _aEN-79414
037 _bDBAD/PUB
040 _aDPL
245 _aPsychology and human behaviour/
_cedited by K. C. Dubey
260 _aNew Delhi
_bOmega Publications
_c2009
270 _a4378/4B, G-4 JMD House, Gali Murari Lal, Ansari Road, Daryaganj
_bNew Delhi
_e110002
300 _avi, 288p :
_c23 cm. (Hb)
_eindex from page 285 to 288
700 _aDubey, K. C.
700 _aPrakasam, V.
942 _2ddc
_cEN
_mDUB
999 _c34646
_d34646